Propuesta de reinvención de la recaudación del impuesto de la renta en Costa Rica
Guardado en:
| Autor principal: | |
|---|---|
| Formato: | Texto |
| Publicado: |
San José :
|
| Materias: | |
| Etiquetas: |
Agregar Etiqueta
Sin Etiquetas, Sea el primero en etiquetar este registro!
|
MARC
| LEADER | 00000 a a2200000 04500 | ||
|---|---|---|---|
| 001 | 18840 | ||
| 003 | |||
| 040 | |||
| 090 | |a 144520 | ||
| 100 | |a Mena Redondo, Oscar | ||
| 245 | |a Propuesta de reinvención de la recaudación del impuesto de la renta en Costa Rica | ||
| 260 | |a San José : | ||
| 300 | |a 20 p. | ||
| 650 | |a IMPUESTO A LA RENTA | ||
| 650 | |a REFORMA TRIBUTARIA | ||
| 650 | |a RECAUDACION DE IMPUESTOS | ||
| 999 | |c 6109 |d 6109 | ||
